Bytový dom
Na minha lista:
| Autor principal: | |
|---|---|
| Outros Autores: | |
| Formato: | Manuscrito Livro |
| Idioma: | eslovaco |
| Publicado em: |
2025
|
| Assuntos: | |
| Acesso em linha: | http://is.stuba.sk/zp/portal_zp.pl?podrobnosti=191732 CRZP |
| Tags: |
Sem tags, seja o primeiro a adicionar uma tag!
|
MARC
| LEADER | 00000ntm a22000003a 4500 | ||
|---|---|---|---|
| 001 | stuzp104767 | ||
| 003 | SK-STU | ||
| 005 | 20250722145338.1 | ||
| 007 | ta | ||
| 008 | 150427s2015----xo-----f-mn---000-0-slo-d | ||
| 040 | |a STU |b slo | ||
| 041 | 0 | |a slo | |
| 100 | 1 | |a Fedorko, Dávid |u 010270 |4 aut |U SvF Stavebná fakulta |T SvF Katedra technológie stavieb |X 115318 |U V270 |Y 28 |7 115318 | |
| 242 | 0 | 1 | |a Residential House |y eng |
| 245 | 1 | 0 | |a Bytový dom |
| 260 | |c 2025 | ||
| 650 | 4 | |a Výstavba |2 slo | |
| 650 | 4 | |a Projekt |2 slo | |
| 650 | 4 | |a Plochá strecha |2 slo | |
| 650 | 4 | |a Construction |2 eng | |
| 650 | 4 | |a Project |2 eng | |
| 650 | 4 | |a Flat roof |2 eng | |
| 700 | 1 | |a Jankovichová, Eva |u 010270 |k Z8 |4 ths |U SvF Stavebná fakulta |T SvF Katedra technológie stavieb |X 647 |U V270 |Y 28 |7 A000000647 | |
| 856 | 4 | |u http://is.stuba.sk/zp/portal_zp.pl?podrobnosti=191732 | |
| 856 | 4 | |u https://opac.crzp.sk/?fn=detailBiblioForm&sid=C9A1C75A261DD259FC884C1E26A3 |z CRZP | |